Old church slavonic grammar

Guardat en:
Dades bibliogràfiques
Autor principal: Lunt, Horace G.
Format: Llibre
Idioma:Undetermined
Publicat: Netherlands Mouton & Co. 1959
Edició:2
Matèries:
Etiquetes: Afegir etiqueta
Sense etiquetes, Sigues el primer a etiquetar aquest registre!

MARC

LEADER 00000nam a2200000Ia 4500
008 170316s9999 xx 000 0 und d
090 |a 415-I L-8o 
100 |a Lunt, Horace G. 
245 |a Old church slavonic grammar 
250 |a 2 
260 |a Netherlands 
260 |b Mouton & Co. 
260 |c 1959 
300 |a 143 páginas 
650 |a GRAMÁTICA INGLESA 
999 |c 19451  |d 19451 
040 |a cru BVZT 
942 |c 15 D  |h 415-I L-8o  |2 z